000 01518nam a22002537a 4500
999 _c57020
_d57020
003 Ge_BSU
005 20191017114817.0
008 191017s2018 ge ||||| |||| 00| 0 geo d
020 _a9789941958526
041 _ageo
080 _a343(4) ჯ-56
100 _aჯიშკარიანი, ბაჩანა.
_94792
245 _aევროპული სისხლის სამართალი = Europäisches Strafrecht /
_cბაჩანა ჯიშკარიანი ; რედ : გიორგი დგებუაძე ; ყდის დიზაინი : გვანცა მახათაძე .
250 _aმე-2 გამოცემა.
264 _aთბილისი :
_bიურისტების სამყარო,
_c 2018.
300 _a298 გვ.:
_c22 სმ.
504 _aბიბლიოგრ.: გვ. 275-296 და ტექსტის შენიშვნებში.
653 _aევროპული სისხლის სამართალი
653 _aსამართალი
700 _aდგებუაძე , გიორგი
_eრედაქტორი
_94793
700 _aმახათაძე , გვანცა
_e ყდის დიზაინი
_94794
710 _eქართული, გერმანული და საერთაშორისო სისხლის სამართლის ინ-ტის ბიბ-კა.
_94795
942 _2udc
_cBK